[Event "ODJM A 2022"]
[Site "Willingen GER"]
[Date "2022.06.05"]
[Round "1"]
[White "Kracht, Raphael"]
[Black "Kliashtornyi, Arkadii"]
[Result "1-0"]
[Termination "normal"]
[Board "12"]
[WhiteElo "2086"]
[BlackElo "1755"]
[WhiteClock "00:29:38"]
[BlackClock "00:31:30"]
[PlyCount "55"]
[WhiteFideId "16214382"]
[BlackFideId "34119698"]
[EventCountry "GER"]
[EventRounds "9"]
[EventType "swiss"]
[EventDate "2022.06.04"]

1. c4 {[%clk 1:30:54]} e5 {[%clk 1:30:46]} 2. Nc3 {[%clk 1:31:09]} Nf6 {[%clk
1:30:52]} 3. g3 {[%clk 1:30:12]} d5 {[%clk 1:28:36]} 4. cxd5 {[%clk 1:30:29]}
Nxd5 {[%clk 1:28:56]} 5. Bg2 {[%clk 1:30:37]} Nxc3 {[%clk 1:28:52]} 6. bxc3
{[%clk 1:31:00]} c6 {[%clk 1:28:59]} 7. Rb1 {[%clk 1:30:35]} Bc5 {[%clk
1:28:52]} 8. Qc2 {[%clk 1:28:35]} O-O {[%clk 1:26:42]} 9. Nf3 {[%clk 1:27:57]}
Re8 {[%clk 1:26:26]} 10. O-O {[%clk 1:27:57]} Bb6 {[%clk 1:24:36]} 11. e4
{[%clk 1:25:47]} f5 {[%clk 1:21:55]} 12. Re1 {[%clk 1:20:21]} Qf6 {[%clk
1:19:13]} 13. Bb2 {[%clk 1:09:47]} Kh8 {[%clk 1:16:30]} 14. Rbd1 {[%clk
1:07:33]} fxe4 {[%clk 1:08:28]} 15. Qxe4 {[%clk 1:05:13]} Bf5 {[%clk 1:07:47]}
16. Qe2 {[%clk 0:59:23]} Nd7 {[%clk 1:06:25]} 17. d4 {[%clk 0:58:16]} Bg4
{[%clk 1:05:05]} 18. h3 {[%clk 0:52:05]} Bxf3 {[%clk 0:54:55]} 19. Bxf3 {[%clk
0:49:59]} exd4 {[%clk 0:53:41]} 20. Qxe8+ {[%clk 0:48:40]} Rxe8 {[%clk
0:53:59]} 21. Rxe8+ {[%clk 0:49:05]} Nf8 {[%clk 0:54:20]} 22. Ba3 {[%clk
0:49:15]} c5 {[%clk 0:54:09]} 23. Rxd4 {[%clk 0:45:43]} g5 {[%clk 0:48:24]} 24.
Rd3 {[%clk 0:42:22]} Kg7 {[%clk 0:45:31]} 25. Bd5 {[%clk 0:34:28]} Qd6 {[%clk
0:41:00]} 26. c4 {[%clk 0:33:14]} Qg6 {[%clk 0:31:29]} 27. Bb2+ {[%clk
0:30:05]} Kh6 {[%clk 0:31:30]} 28. Rxf8 {[%clk 0:29:38]} 1-0

[Event "ODJM A 2022"]
[Site "Willingen GER"]
[Date "2022.06.05"]
[Round "1"]
[White "Kamp, Aaron"]
[Black "Gallasch, Jonas"]
[Result "0-1"]
[Termination "normal"]
[Board "13"]
[WhiteElo "1790"]
[BlackElo "2060"]
[WhiteClock "00:08:15"]
[BlackClock "00:16:55"]
[PlyCount "146"]
[WhiteFideId "16231120"]
[BlackFideId "16222474"]
[EventCountry "GER"]
[EventRounds "9"]
[EventType "swiss"]
[EventDate "2022.06.04"]

1. e4 {[%clk 1:30:58]} c5 {[%clk 1:30:37]} 2. d4 {[%clk 1:31:13]} cxd4 {[%clk
1:31:00]} 3. c3 {[%clk 1:31:38]} dxc3 {[%clk 1:31:22]} 4. Nxc3 {[%clk 1:32:01]}
Nc6 {[%clk 1:31:48]} 5. Nf3 {[%clk 1:32:21]} e6 {[%clk 1:32:11]} 6. Bc4 {[%clk
1:32:38]} a6 {[%clk 1:32:35]} 7. O-O {[%clk 1:32:48]} Nge7 {[%clk 1:33:01]} 8.
Bg5 {[%clk 1:32:36]} h6 {[%clk 1:33:05]} 9. Bh4 {[%clk 1:27:10]} g5 {[%clk
1:32:11]} 10. Bg3 {[%clk 1:25:01]} Ng6 {[%clk 1:32:32]} 11. Re1 {[%clk
1:22:49]} d6 {[%clk 1:21:54]} 12. Qd2 {[%clk 1:16:04]} g4 {[%clk 1:16:00]} 13.
Nd4 {[%clk 1:14:19]} Nce5 {[%clk 1:14:23]} 14. Be2 {[%clk 1:07:13]} h5 {[%clk
1:07:38]} 15. f4 {[%clk 0:59:29]} gxf3 {[%clk 1:05:32]} 16. Nxf3 {[%clk
0:58:11]} Bh6 {[%clk 0:53:26]} 17. Qd4 {[%clk 0:50:41]} Bg7 {[%clk 0:44:25]}
18. Nxe5 {[%clk 0:47:56]} Bxe5 {[%clk 0:39:17]} 19. Bxe5 {[%clk 0:46:39]} dxe5
{[%clk 0:39:37]} 20. Qxd8+ {[%clk 0:37:05]} Kxd8 {[%clk 0:39:59]} 21. Na4
{[%clk 0:35:59]} b5 {[%clk 0:33:24]} 22. Nc5 {[%clk 0:31:10]} Rb8 {[%clk
0:28:38]} 23. b4 {[%clk 0:25:27]} Nf4 {[%clk 0:27:09]} 24. Bf1 {[%clk 0:23:14]}
Rg8 {[%clk 0:26:02]} 25. Kf2 {[%clk 0:21:29]} h4 {[%clk 0:24:41]} 26. a4 {[%clk
0:20:43]} bxa4 {[%clk 0:23:21]} 27. Rxa4 {[%clk 0:21:05]} Ke7 {[%clk 0:23:31]}
28. g3 {[%clk 0:18:26]} hxg3+ {[%clk 0:22:25]} 29. hxg3 {[%clk 0:18:47]} Nh5
{[%clk 0:22:03]} 30. Re3 {[%clk 0:18:41]} Nf6 {[%clk 0:21:07]} 31. Rea3 {[%clk
0:17:21]} Bd7 {[%clk 0:15:10]} 32. Nxd7 {[%clk 0:16:53]} Kxd7 {[%clk 0:15:23]}
33. Bg2 {[%clk 0:10:45]} Rgc8 {[%clk 0:14:48]} 34. Ke3 {[%clk 0:06:02]} Rc4
{[%clk 0:13:22]} 35. Rb3 {[%clk 0:05:48]} Rb6 {[%clk 0:12:28]} 36. Kd3 {[%clk
0:04:25]} Rd4+ {[%clk 0:12:24]} 37. Ke3 {[%clk 0:04:16]} Ke7 {[%clk 0:12:23]}
38. Bf3 {[%clk 0:03:19]} Nd7 {[%clk 0:09:41]} 39. Ra5 {[%clk 0:02:08]} Rdxb4
{[%clk 0:08:44]} 40. Rxb4 {[%clk 0:02:19]} Rxb4 {[%clk 0:09:09]} 41. Rxa6
{[%clk 0:00:47]} Rb3+ {[%clk 0:07:30]} 42. Kf2 {[%clk 0:28:44]} Nc5 {[%clk
0:33:27]} 43. Ra7+ {[%clk 0:24:54]} Kf6 {[%clk 0:32:37]} 44. Ra5 {[%clk
0:20:55]} Rc3 {[%clk 0:31:21]} 45. Ra7 {[%clk 0:19:16]} Kg6 {[%clk 0:30:50]}
46. Ra8 {[%clk 0:17:53]} f5 {[%clk 0:25:39]} 47. exf5+ {[%clk 0:15:56]} exf5
{[%clk 0:25:50]} 48. Rg8+ {[%clk 0:13:16]} Kf7 {[%clk 0:24:39]} 49. Rg5 {[%clk
0:11:29]} Kf6 {[%clk 0:24:31]} 50. Rg8 {[%clk 0:11:31]} e4 {[%clk 0:22:29]} 51.
Be2 {[%clk 0:10:36]} Ne6 {[%clk 0:21:34]} 52. Ra8 {[%clk 0:09:16]} Nd4 {[%clk
0:18:20]} 53. Ra2 {[%clk 0:08:41]} Kg5 {[%clk 0:18:16]} 54. Bd1 {[%clk
0:06:09]} Rd3 {[%clk 0:17:38]} 55. Ra1 {[%clk 0:05:28]} e3+ {[%clk 0:11:57]}
56. Ke1 {[%clk 0:04:22]} Rd2 {[%clk 0:10:49]} 57. Ra3 {[%clk 0:03:45]} Rxd1+
{[%clk 0:11:10]} 58. Kxd1 {[%clk 0:04:07]} e2+ {[%clk 0:11:37]} 59. Kd2 {[%clk
0:03:51]} e1=Q+ {[%clk 0:11:59]} 60. Kxe1 {[%clk 0:04:10]} Nc2+ {[%clk
0:12:25]} 61. Kf2 {[%clk 0:04:18]} Nxa3 {[%clk 0:12:24]} 62. Kf3 {[%clk
0:04:13]} Nc4 {[%clk 0:12:43]} 63. Kf2 {[%clk 0:04:28]} Kg4 {[%clk 0:13:05]}
64. Kg2 {[%clk 0:04:49]} Nd6 {[%clk 0:13:31]} 65. Kf2 {[%clk 0:05:08]} Ne4+
{[%clk 0:13:57]} 66. Kg2 {[%clk 0:05:31]} Nxg3 {[%clk 0:14:21]} 67. Kf2 {[%clk
0:05:54]} f4 {[%clk 0:14:46]} 68. Kg2 {[%clk 0:06:17]} Ne4 {[%clk 0:15:10]} 69.
Kg1 {[%clk 0:06:40]} Kg3 {[%clk 0:15:33]} 70. Kf1 {[%clk 0:07:05]} f3 {[%clk
0:15:56]} 71. Kg1 {[%clk 0:07:30]} Nd2 {[%clk 0:16:18]} 72. Kh1 {[%clk
0:07:52]} Nc4 {[%clk 0:16:35]} 73. Kg1 {[%clk 0:08:15]} f2+ {[%clk 0:16:55]}
0-1

[Event "ODJM A 2022"]
[Site "Willingen GER"]
[Date "2022.06.05"]
[Round "1"]
[White "Gerlach, Felix"]
[Black "Weigand, Anton"]
[Result "1/2-1/2"]
[Termination "normal"]
[Board "14"]
[WhiteElo "2072"]
[BlackElo "1872"]
[WhiteClock "00:03:22"]
[BlackClock "00:04:30"]
[PlyCount "117"]
[WhiteFideId "12957690"]
[BlackFideId "16221915"]
[EventCountry "GER"]
[EventRounds "9"]
[EventType "swiss"]
[EventDate "2022.06.04"]

1. c4 {[%clk 1:30:57]} e5 {[%clk 1:29:31]} 2. g3 {[%clk 1:30:35]} Nf6 {[%clk
1:28:53]} 3. Bg2 {[%clk 1:30:59]} Nc6 {[%clk 1:28:40]} 4. Nc3 {[%clk 1:31:21]}
Bc5 {[%clk 1:27:14]} 5. e3 {[%clk 1:28:31]} Nb4 {[%clk 1:19:31]} 6. d3 {[%clk
1:24:38]} a5 {[%clk 1:15:46]} 7. a3 {[%clk 1:17:45]} Nc6 {[%clk 1:16:02]} 8.
Nge2 {[%clk 1:11:03]} d6 {[%clk 1:14:20]} 9. h3 {[%clk 1:07:52]} O-O {[%clk
1:14:09]} 10. O-O {[%clk 1:08:02]} Bb6 {[%clk 1:07:12]} 11. Rb1 {[%clk
1:05:25]} Ne7 {[%clk 1:03:27]} 12. e4 {[%clk 0:52:01]} c6 {[%clk 0:57:09]} 13.
d4 {[%clk 0:41:50]} exd4 {[%clk 0:44:03]} 14. Nxd4 {[%clk 0:42:15]} Be6 {[%clk
0:42:52]} 15. Nxe6 {[%clk 0:32:51]} fxe6 {[%clk 0:41:57]} 16. Qb3 {[%clk
0:28:46]} Nd7 {[%clk 0:32:20]} 17. Na4 {[%clk 0:25:52]} Nc5 {[%clk 0:27:26]}
18. Qxb6 {[%clk 0:24:47]} Nxa4 {[%clk 0:27:37]} 19. Qe3 {[%clk 0:18:03]} e5
{[%clk 0:22:51]} 20. Rd1 {[%clk 0:13:53]} Qc7 {[%clk 0:22:13]} 21. b3 {[%clk
0:12:08]} Nc5 {[%clk 0:21:22]} 22. b4 {[%clk 0:11:38]} axb4 {[%clk 0:20:35]}
23. axb4 {[%clk 0:11:11]} Ne6 {[%clk 0:12:58]} 24. c5 {[%clk 0:10:54]} dxc5
{[%clk 0:12:55]} 25. Qb3 {[%clk 0:10:36]} c4 {[%clk 0:12:05]} 26. Qxc4 {[%clk
0:10:44]} Rf6 {[%clk 0:10:32]} 27. Bg5 {[%clk 0:07:31]} Rg6 {[%clk 0:10:43]}
28. Be3 {[%clk 0:07:54]} Kh8 {[%clk 0:10:43]} 29. b5 {[%clk 0:07:31]} c5 {[%clk
0:08:11]} 30. b6 {[%clk 0:07:07]} Qc6 {[%clk 0:08:10]} 31. Rd5 {[%clk 0:06:01]}
Ra4 {[%clk 0:07:07]} 32. Qb5 {[%clk 0:04:06]} Qxb5 {[%clk 0:07:02]} 33. Rxb5
{[%clk 0:04:32]} Nxd5 {[%clk 0:06:08]} 34. exd5 {[%clk 0:04:58]} Nd4 {[%clk
0:04:33]} 35. Rxc5 {[%clk 0:05:06]} Ra8 {[%clk 0:04:09]} 36. d6 {[%clk
0:03:09]} Rxd6 {[%clk 0:04:04]} 37. Rxe5 {[%clk 0:03:29]} Nc6 {[%clk 0:03:31]}
38. Bxc6 {[%clk 0:03:10]} Rxc6 {[%clk 0:01:33]} 39. Re7 {[%clk 0:03:26]} h6
{[%clk 0:01:02]} 40. Rxb7 {[%clk 0:03:28]} Ra1+ {[%clk 0:00:48]} 41. Kg2 {[%clk
0:03:16]} Rb1 {[%clk 0:19:52]} 42. h4 {[%clk 0:29:46]} Rc4 {[%clk 0:18:05]} 43.
Kf3 {[%clk 0:25:32]} h5 {[%clk 0:17:43]} 44. Rd7 {[%clk 0:15:15]} Rb3 {[%clk
0:14:51]} 45. Rd5 {[%clk 0:14:35]} g6 {[%clk 0:14:35]} 46. Rd6 {[%clk 0:14:30]}
Kg7 {[%clk 0:14:26]} 47. Ke2 {[%clk 0:12:41]} Rc2+ {[%clk 0:11:39]} 48. Kd1
{[%clk 0:10:04]} Ra2 {[%clk 0:11:05]} 49. Rd7+ {[%clk 0:07:49]} Kf6 {[%clk
0:10:02]} 50. Rd2 {[%clk 0:08:03]} Rxd2+ {[%clk 0:08:12]} 51. Kxd2 {[%clk
0:08:07]} Ke6 {[%clk 0:07:52]} 52. Kc2 {[%clk 0:08:13]} Rb5 {[%clk 0:07:56]}
53. Kc3 {[%clk 0:05:59]} Kd5 {[%clk 0:08:16]} 54. Kd3 {[%clk 0:05:26]} Rb2
{[%clk 0:07:29]} 55. Kc3 {[%clk 0:05:12]} Rb5 {[%clk 0:07:38]} 56. f3 {[%clk
0:04:11]} Rb1 {[%clk 0:04:51]} 57. Kc2 {[%clk 0:03:49]} Rb5 {[%clk 0:04:10]}
58. Kc3 {[%clk 0:03:22]} Rb1 {[%clk 0:04:30]} 59. Kd4+ 1/2-1/2

[Event "ODJM A 2022"]
[Site "Willingen GER"]
[Date "2022.06.05"]
[Round "1"]
[White "Kruse, Victor"]
[Black "Schmitt, Daniel"]
[Result "1/2-1/2"]
[Termination "normal"]
[Board "15"]
[WhiteElo "1733"]
[BlackElo "2128"]
[WhiteClock "00:00:34"]
[BlackClock "00:00:47"]
[PlyCount "78"]
[WhiteFideId "16256964"]
[BlackFideId "16279018"]
[EventCountry "GER"]
[EventRounds "9"]
[EventType "swiss"]
[EventDate "2022.06.04"]

1. d4 {[%clk 1:30:51]} d5 {[%clk 1:30:52]} 2. c4 {[%clk 1:31:15]} e6 {[%clk
1:31:15]} 3. Nf3 {[%clk 1:31:38]} Nf6 {[%clk 1:31:39]} 4. Nc3 {[%clk 1:31:57]}
c6 {[%clk 1:32:00]} 5. e3 {[%clk 1:31:15]} Nbd7 {[%clk 1:32:22]} 6. Qc2 {[%clk
1:28:12]} Bd6 {[%clk 1:32:34]} 7. b3 {[%clk 1:26:25]} O-O {[%clk 1:32:07]} 8.
Bd3 {[%clk 1:25:55]} Qe7 {[%clk 1:31:34]} 9. O-O {[%clk 1:24:38]} e5 {[%clk
1:29:49]} 10. cxd5 {[%clk 1:11:20]} cxd5 {[%clk 1:29:24]} 11. e4 {[%clk
1:10:09]} exd4 {[%clk 1:13:51]} 12. Nxd5 {[%clk 1:07:00]} Nxd5 {[%clk 1:10:14]}
13. exd5 {[%clk 1:06:58]} h6 {[%clk 1:06:41]} 14. Re1 {[%clk 1:01:04]} Qf6
{[%clk 1:01:41]} 15. Bb2 {[%clk 1:00:10]} Ne5 {[%clk 0:55:51]} 16. Nxd4 {[%clk
0:56:41]} Qg5 {[%clk 0:38:41]} 17. g3 {[%clk 0:40:02]} Nxd3 {[%clk 0:33:37]}
18. Qxd3 {[%clk 0:40:23]} Qxd5 {[%clk 0:33:47]} 19. Qc3 {[%clk 0:28:43]} Be5
{[%clk 0:25:32]} 20. Qe3 {[%clk 0:27:06]} Bh3 {[%clk 0:18:55]} 21. Qe4 {[%clk
0:23:44]} Rfd8 {[%clk 0:16:08]} 22. Rad1 {[%clk 0:19:23]} Rac8 {[%clk 0:11:34]}
23. Qxd5 {[%clk 0:07:33]} Rxd5 {[%clk 0:11:55]} 24. Rd2 {[%clk 0:07:46]} Rcd8
{[%clk 0:03:20]} 25. Red1 {[%clk 0:08:00]} Bg4 {[%clk 0:02:40]} 26. f3 {[%clk
0:07:56]} Bxf3 {[%clk 0:01:34]} 27. Nxf3 {[%clk 0:06:26]} Rxd2 {[%clk 0:01:58]}
28. Rxd2 {[%clk 0:06:48]} Rxd2 {[%clk 0:02:23]} 29. Bxe5 {[%clk 0:07:12]} Rxa2
{[%clk 0:02:49]} 30. h4 {[%clk 0:05:28]} a6 {[%clk 0:02:52]} 31. Kf1 {[%clk
0:03:43]} b5 {[%clk 0:02:29]} 32. Nd4 {[%clk 0:02:41]} f6 {[%clk 0:02:04]} 33.
Bd6 {[%clk 0:01:30]} Kf7 {[%clk 0:02:16]} 34. b4 {[%clk 0:01:13]} g5 {[%clk
0:02:13]} 35. h5 {[%clk 0:01:23]} Rh2 {[%clk 0:01:30]} 36. g4 {[%clk 0:01:20]}
Rb2 {[%clk 0:00:32]} 37. Nf5 {[%clk 0:01:25]} Ke6 {[%clk 0:00:39]} 38. Bc5
{[%clk 0:01:31]} Kd5 {[%clk 0:00:47]} 39. Be7 {[%clk 0:00:34]} Ke6 1/2-1/2

[Event "ODJM A 2022"]
[Site "Willingen GER"]
[Date "2022.06.05"]
[Round "1"]
[White "Hofmann, Lorenz"]
[Black "Pick, Max"]
[Result "1/2-1/2"]
[Termination "normal"]
[Board "16"]
[WhiteElo "2056"]
[BlackElo "1841"]
[WhiteClock "00:24:50"]
[BlackClock "00:32:35"]
[PlyCount "95"]
[WhiteFideId "12995509"]
[BlackFideId "16210883"]
[EventCountry "GER"]
[EventRounds "9"]
[EventType "swiss"]
[EventDate "2022.06.04"]

1. e4 {[%clk 1:30:58]} d5 {[%clk 1:30:53]} 2. exd5 {[%clk 1:31:24]} Nf6 {[%clk
1:31:18]} 3. d4 {[%clk 1:31:44]} Nxd5 {[%clk 1:31:41]} 4. Nf3 {[%clk 1:32:08]}
Bg4 {[%clk 1:31:52]} 5. Be2 {[%clk 1:32:24]} e6 {[%clk 1:31:49]} 6. O-O {[%clk
1:32:45]} c6 {[%clk 1:31:08]} 7. Ne5 {[%clk 1:28:01]} Bxe2 {[%clk 1:26:01]} 8.
Qxe2 {[%clk 1:28:26]} Bd6 {[%clk 1:19:19]} 9. Nd2 {[%clk 1:22:50]} Nd7 {[%clk
1:13:13]} 10. Ndc4 {[%clk 1:18:26]} Nxe5 {[%clk 1:06:53]} 11. Nxd6+ {[%clk
1:16:25]} Qxd6 {[%clk 1:07:02]} 12. dxe5 {[%clk 1:16:48]} Qe7 {[%clk 1:05:40]}
13. c4 {[%clk 1:15:34]} Nc7 {[%clk 1:04:41]} 14. Qg4 {[%clk 1:11:03]} O-O-O
{[%clk 0:45:20]} 15. Be3 {[%clk 1:09:22]} h5 {[%clk 0:33:53]} 16. Qe4 {[%clk
1:02:28]} Kb8 {[%clk 0:30:27]} 17. Qc2 {[%clk 0:54:25]} f5 {[%clk 0:26:12]} 18.
f4 {[%clk 0:48:33]} Na6 {[%clk 0:22:05]} 19. Qf2 {[%clk 0:43:21]} b6 {[%clk
0:21:14]} 20. a4 {[%clk 0:40:24]} Nc5 {[%clk 0:14:52]} 21. a5 {[%clk 0:38:18]}
Ne4 {[%clk 0:12:27]} 22. Qe2 {[%clk 0:37:00]} Kb7 {[%clk 0:10:01]} 23. Ra3
{[%clk 0:32:38]} Qb4 {[%clk 0:07:45]} 24. Rfa1 {[%clk 0:25:36]} b5 {[%clk
0:06:39]} 25. cxb5 {[%clk 0:24:27]} cxb5 {[%clk 0:06:45]} 26. a6+ {[%clk
0:24:40]} Kb8 {[%clk 0:06:37]} 27. Rc1 {[%clk 0:22:35]} Rc8 {[%clk 0:05:27]}
28. Rd1 {[%clk 0:21:57]} Rhd8 {[%clk 0:03:29]} 29. Rad3 {[%clk 0:14:14]} Rxd3
{[%clk 0:03:12]} 30. Rxd3 {[%clk 0:09:00]} Qa4 {[%clk 0:02:32]} 31. h3 {[%clk
0:05:31]} Ng3 {[%clk 0:01:09]} 32. Qf3 {[%clk 0:05:38]} Qe4 {[%clk 0:01:12]}
33. Bxa7+ {[%clk 0:04:08]} Kxa7 {[%clk 0:01:28]} 34. Qxg3 {[%clk 0:04:30]} Rc1+
{[%clk 0:00:56]} 35. Kh2 {[%clk 0:04:52]} Qe1 {[%clk 0:00:49]} 36. Rd7+ {[%clk
0:03:08]} Kb6 {[%clk 0:00:38]} 37. Rd6+ {[%clk 0:03:09]} Kc5 {[%clk 0:00:47]}
38. Qa3+ {[%clk 0:02:11]} b4 {[%clk 0:01:09]} 39. Qa5+ {[%clk 0:02:36]} Kc4
{[%clk 0:01:33]} 40. Rc6+ {[%clk 0:00:58]} Kb3 {[%clk 0:01:48]} 41. Rxc1 {[%clk
0:29:18]} Qxc1 {[%clk 0:32:11]} 42. Qb6 {[%clk 0:27:49]} Qxf4+ {[%clk 0:32:27]}
43. Kg1 {[%clk 0:28:14]} Qc1+ {[%clk 0:32:49]} 44. Kf2 {[%clk 0:26:32]} Qf4+
{[%clk 0:31:28]} 45. Ke2 {[%clk 0:26:13]} Qc4+ {[%clk 0:31:50]} 46. Kf2 {[%clk
0:24:54]} Qf4+ 47. Ke2 {[%clk 0:24:50]} Qc4+ {[%clk 0:32:35]} 48. Kf2 1/2-1/2

[Event "ODJM A 2022"]
[Site "Willingen GER"]
[Date "2022.06.05"]
[Round "1"]
[White "Fock, Amina"]
[Black "Irkilmez, Yakub"]
[Result "1/2-1/2"]
[Termination "normal"]
[Board "17"]
[WhiteElo "1790"]
[BlackElo "2169"]
[WhiteClock "00:17:41"]
[BlackClock "00:00:58"]
[PlyCount "112"]
[WhiteFideId "12981982"]
[BlackFideId "16204581"]
[EventCountry "GER"]
[EventRounds "9"]
[EventType "swiss"]
[EventDate "2022.06.04"]

1. e4 {[%clk 1:30:58]} d6 {[%clk 1:30:50]} 2. d4 {[%clk 1:31:14]} Nf6 {[%clk
1:31:09]} 3. Nc3 {[%clk 1:28:03]} Nbd7 {[%clk 1:30:22]} 4. f4 {[%clk 1:23:34]}
e5 {[%clk 1:29:14]} 5. Nf3 {[%clk 1:17:39]} exd4 {[%clk 1:21:24]} 6. Nxd4
{[%clk 1:14:12]} Be7 {[%clk 1:20:01]} 7. Be2 {[%clk 1:11:33]} O-O {[%clk
1:13:21]} 8. O-O {[%clk 1:09:24]} Re8 {[%clk 1:11:53]} 9. Bf3 {[%clk 1:05:47]}
Bf8 {[%clk 1:08:47]} 10. Nb3 {[%clk 0:59:52]} a5 {[%clk 1:06:01]} 11. a4 {[%clk
0:58:58]} c6 {[%clk 1:05:41]} 12. Be3 {[%clk 0:55:13]} d5 {[%clk 0:54:39]} 13.
e5 {[%clk 0:54:15]} Nb6 {[%clk 0:50:11]} 14. Bf2 {[%clk 0:46:33]} Nfd7 {[%clk
0:49:46]} 15. Nd4 {[%clk 0:45:51]} Nc5 {[%clk 0:49:21]} 16. b3 {[%clk 0:39:21]}
Ne6 {[%clk 0:41:13]} 17. Nce2 {[%clk 0:38:46]} c5 {[%clk 0:34:37]} 18. Nb5
{[%clk 0:37:37]} Bd7 {[%clk 0:25:37]} 19. Nd6 {[%clk 0:32:20]} Bxd6 {[%clk
0:22:57]} 20. exd6 {[%clk 0:32:44]} Qf6 {[%clk 0:17:45]} 21. Bxd5 {[%clk
0:29:13]} Nxd5 {[%clk 0:17:50]} 22. Qxd5 {[%clk 0:29:36]} Bc6 {[%clk 0:18:12]}
23. Qd3 {[%clk 0:29:13]} Nxf4 {[%clk 0:15:51]} 24. Nxf4 {[%clk 0:29:25]} Qxf4
{[%clk 0:16:15]} 25. Bg3 {[%clk 0:28:28]} Qe4 {[%clk 0:13:34]} 26. Qxe4 {[%clk
0:27:38]} Rxe4 {[%clk 0:13:45]} 27. Rae1 {[%clk 0:27:04]} Rxe1 {[%clk 0:10:16]}
28. Rxe1 {[%clk 0:27:27]} Rd8 {[%clk 0:10:05]} 29. Re7 {[%clk 0:26:04]} f6
{[%clk 0:10:10]} 30. Kf2 {[%clk 0:15:12]} Kf8 {[%clk 0:07:51]} 31. Rc7 {[%clk
0:13:16]} Re8 {[%clk 0:05:36]} 32. Bf4 {[%clk 0:10:10]} Rd8 {[%clk 0:02:58]}
33. Be3 {[%clk 0:09:07]} Rd7 {[%clk 0:02:59]} 34. Bxc5 {[%clk 0:08:42]} Ke8
{[%clk 0:02:35]} 35. c4 {[%clk 0:05:31]} Rxc7 {[%clk 0:01:41]} 36. dxc7 {[%clk
0:05:55]} Kd7 {[%clk 0:02:10]} 37. Bb6 {[%clk 0:05:38]} Be4 {[%clk 0:02:00]}
38. Bxa5 {[%clk 0:05:14]} Bc2 {[%clk 0:02:19]} 39. b4 {[%clk 0:05:33]} Bxa4
{[%clk 0:02:43]} 40. b5 {[%clk 0:05:10]} Bb3 {[%clk 0:02:32]} 41. c5 {[%clk
0:05:29]} Bc4 {[%clk 0:02:38]} 42. c6+ {[%clk 0:05:44]} bxc6 {[%clk 0:02:42]}
43. b6 {[%clk 0:29:51]} Ba6 {[%clk 0:32:46]} 44. Bb4 {[%clk 0:29:12]} Ke6
{[%clk 0:32:50]} 45. Ke3 {[%clk 0:28:43]} Bb7 {[%clk 0:03:09]} 46. Kd4 {[%clk
0:27:54]} f5 {[%clk 0:01:43]} 47. Bd2 {[%clk 0:24:56]} Kd6 {[%clk 0:00:39]} 48.
Bf4+ {[%clk 0:24:35]} Ke6 {[%clk 0:01:03]} 49. Kc5 {[%clk 0:22:46]} Kd7 {[%clk
0:01:26]} 50. Be5 {[%clk 0:21:55]} g5 {[%clk 0:01:24]} 51. Bf6 {[%clk 0:21:18]}
g4 {[%clk 0:01:33]} 52. Bg5 {[%clk 0:20:20]} Ba8 {[%clk 0:00:54]} 53. g3 {[%clk
0:19:56]} Bb7 {[%clk 0:01:14]} 54. Bh6 {[%clk 0:19:43]} Bc8 {[%clk 0:01:14]}
55. Kd4 {[%clk 0:19:18]} Kd6 {[%clk 0:00:58]} 56. Bf8+ {[%clk 0:17:41]} Ke5+
1/2-1/2

[Event "ODJM A 2022"]
[Site "Willingen GER"]
[Date "2022.06.05"]
[Round "1"]
[White "Dornieden, Jonas"]
[Black "Zha, Kevin"]
[Result "0-1"]
[Termination "normal"]
[Board "18"]
[WhiteElo "2069"]
[BlackElo "1835"]
[WhiteClock "00:20:55"]
[BlackClock "00:24:30"]
[PlyCount "88"]
[WhiteFideId "1336460"]
[BlackFideId "16208951"]
[EventCountry "GER"]
[EventRounds "9"]
[EventType "swiss"]
[EventDate "2022.06.04"]

1. e4 {[%clk 1:30:57]} g6 {[%clk 1:30:37]} 2. d4 {[%clk 1:31:18]} Bg7 {[%clk
1:31:03]} 3. Nc3 {[%clk 1:31:37]} c6 {[%clk 1:31:20]} 4. Be3 {[%clk 1:16:23]}
d5 {[%clk 1:25:38]} 5. Qd2 {[%clk 1:12:06]} Nf6 {[%clk 1:15:13]} 6. e5 {[%clk
1:05:48]} Ng4 {[%clk 1:10:14]} 7. Bf4 {[%clk 1:00:02]} f6 {[%clk 0:51:53]} 8.
exf6 {[%clk 0:48:05]} Nxf6 {[%clk 0:50:47]} 9. Nf3 {[%clk 0:45:40]} Nbd7 {[%clk
0:49:19]} 10. O-O-O {[%clk 0:43:15]} Nf8 {[%clk 0:39:40]} 11. Ne5 {[%clk
0:36:52]} Bf5 {[%clk 0:36:22]} 12. f3 {[%clk 0:35:46]} N6d7 {[%clk 0:31:35]}
13. Qe3 {[%clk 0:29:23]} g5 {[%clk 0:23:40]} 14. Bxg5 {[%clk 0:26:08]} Nxe5
{[%clk 0:23:52]} 15. dxe5 {[%clk 0:26:11]} h6 {[%clk 0:11:16]} 16. Bf4 {[%clk
0:23:51]} Ne6 {[%clk 0:11:39]} 17. Ne2 {[%clk 0:22:47]} Qa5 {[%clk 0:06:10]}
18. Kb1 {[%clk 0:21:07]} Qa4 {[%clk 0:04:44]} 19. Rd2 {[%clk 0:09:24]} O-O-O
{[%clk 0:02:19]} 20. Bg3 {[%clk 0:06:19]} d4 {[%clk 0:02:39]} 21. Qa3 {[%clk
0:05:52]} Qxa3 {[%clk 0:02:17]} 22. bxa3 {[%clk 0:06:18]} Rd5 {[%clk 0:01:15]}
23. f4 {[%clk 0:04:56]} h5 {[%clk 0:01:29]} 24. Bf2 {[%clk 0:04:31]} d3 {[%clk
0:01:35]} 25. cxd3 {[%clk 0:03:05]} Bxd3+ {[%clk 0:01:58]} 26. Kc1 {[%clk
0:02:56]} Bxe2 {[%clk 0:01:28]} 27. Bxe2 {[%clk 0:01:49]} Nxf4 {[%clk 0:01:32]}
28. Bc4 {[%clk 0:00:56]} Rxd2 {[%clk 0:01:43]} 29. Kxd2 {[%clk 0:01:22]} Rd8+
{[%clk 0:01:35]} 30. Kc2 {[%clk 0:00:56]} Bxe5 {[%clk 0:01:37]} 31. Bxa7 {[%clk
0:00:39]} Kc7 {[%clk 0:01:32]} 32. g3 {[%clk 0:00:37]} Nd5 {[%clk 0:01:17]} 33.
Bc5 {[%clk 0:00:42]} Bd6 {[%clk 0:00:45]} 34. Bxd5 {[%clk 0:00:58]} cxd5 {[%clk
0:00:52]} 35. Bd4 {[%clk 0:00:36]} e5 {[%clk 0:01:12]} 36. Bb2 {[%clk 0:01:01]}
Rf8 {[%clk 0:01:22]} 37. Rd1 {[%clk 0:00:41]} Kc6 {[%clk 0:01:36]} 38. Rd2
{[%clk 0:01:05]} Rf3 {[%clk 0:01:03]} 39. Rg2 {[%clk 0:01:04]} e4 {[%clk
0:01:20]} 40. a4 {[%clk 0:00:48]} Bc5 {[%clk 0:01:40]} 41. h3 {[%clk 0:00:39]}
Be3 {[%clk 0:25:20]} 42. Kd1 {[%clk 0:24:41]} d4 {[%clk 0:23:58]} 43. g4 {[%clk
0:21:18]} d3 {[%clk 0:24:11]} 44. Ke1 {[%clk 0:20:55]} Rxh3 {[%clk 0:24:30]}
0-1